MARC details
| 000 -CABECERA |
| campo de control de longitud fija |
03692nam a2200361 a 4500 |
| 003 - IDENTIFICADOR DEL NÚMERO DE CONTROL |
| campo de control |
CHAP |
| 005 - FECHA Y HORA DE LA ÚLTIMA TRANSACCIÓN |
| campo de control |
20230421190330.0 |
| 007 - CAMPO FIJO DE DESCRIPCIÓN FÍSICA--INFORMACIÓN GENERAL |
| campo de control de longitud fija |
ta |
| 008 - DATOS DE LONGITUD FIJA--INFORMACIÓN GENERAL |
| campo de control de longitud fija |
230421s1972 mx |||gr|||| 001 e spa d |
| 020 ## - NÚMERO INTERNACIONAL ESTÁNDAR DEL LIBRO |
| Número Internacional Estándar del Libro |
978-968-16-0782-1 |
| 040 ## - FUENTE DE LA CATALOGACIÓN |
| Centro catalogador/agencia de origen |
mxchpua |
| Centro/agencia transcriptor |
CHAP |
| Normas de descripción |
rda |
| 050 10 - SIGNATURA TOPOGRÁFICA DE LA BIBLIOTECA DEL CONGRESO |
| Número de clasificación |
PN1048 |
| Número de documento/Ítem |
.P39 1972 |
| 082 00 - NÚMERO DE LA CLASIFICACIÓN DECIMAL DEWEY |
| Número de clasificación |
808.849357 |
| Número de documento/Ítem |
P39 1972 |
| Número de edición |
20 |
| 100 1# - ENTRADA PRINCIPAL--NOMBRE DE PERSONA |
| 9 (RLIN) |
86376 |
| Nombre de persona |
Paz, Octavio |
| 245 13 - MENCIÓN DE TÍTULO |
| Título |
El arco y la lira : |
| Resto del título |
el poema. La revelación poética. Poesía e historia / |
| Mención de responsabilidad, etc. |
Octavio Paz |
| 250 ## - MENCIÓN DE EDICIÓN |
| Mención de edición |
3a edición |
| 264 ## - PRODUCCIÓN, PUBLICACIÓN, DISTRIBUCIÓN, FABRICACIÓN Y COPYRIGHT |
| Producción, publicación, distribución, fabricación y copyright |
México : |
| Nombre del de productor, editor, distribuidor, fabricante |
Fondo de Cultura Económica, |
| Fecha de producción, publicación, distribución, fabricación o copyright |
1972 |
| 300 ## - DESCRIPCIÓN FÍSICA |
| Extensión |
307 páginas : |
| 336 ## - TIPO DE CONTENIDO |
| Fuente |
rdacontent |
| Término de tipo de contenido |
texto |
| Código de tipo de contenido |
txt |
| 337 ## - TIPO DE MEDIO |
| Fuente |
rdamedia |
| Nombre/término del tipo de medio |
sin medio |
| Código del tipo de medio |
n |
| 338 ## - TIPO DE SOPORTE |
| Fuente |
rdacarrier |
| Nombre/término del tipo de soporte |
volumen |
| Código del tipo de soporte |
nc |
| 490 1# - MENCIÓN DE SERIE |
| Mención de serie |
Lengua y estudios literarios (FCE) |
| 505 0# - NOTA DE CONTENIDO CON FORMATO |
| Nota de contenido con formato |
Advertencia a la primera edición 7 --<br/>Advertencia a la segunda edición 9 --<br/><br/>INTRODUCCIÓN --<br/>Poesía y poema 13 --<br/><br/>EL POEMA --<br/>El lenguaje 29 --<br/>El ritmo 49 --<br/>Verso y prosa 68 --<br/>La imagen 98 --<br/><br/>LA REVELACIÓN POÉTICA --<br/>La otra orilla 117 --<br/>La revelación poética 137 --<br/>La inspiración 157 --<br/><br/>POESÍA E HISTORIA --<br/>La consagración del instante 185 --<br/>El mundo heroico 198 --<br/>Ambigüedad de la novela 219 --<br/>El verbo desencarnado 232 --<br/><br/>EPÍLOGO --<br/>Los signos en rotación 253 --<br/><br/>APÉNDICES --<br/>I. Poesía, Sociedad, Estado 287 --<br/>II. Poesía y respiración 295 --<br/>III. Whitman, poeta de América 297 |
| 520 2# - SUMARIO, ETC. |
| Sumario, etc. |
Las reflexiones de Octavio Paz sobre el fenómeno poético, su lugar en la historia y, singularmente, en nuestra época y en nuestra vida personal son en buena parte el testimonio que el poeta da acerca de una cuestión nunca dilucidada del todo. Al preguntarse ¿qué es la poesía?, Octavio Paz responde refiriendo la pregunta a otro ser, no menos enigmático: el poema. En la primera parte de este libro, el autor examina la naturaleza del poema y hace un análisis de sus componentes: lenguaje, ritmo e imagen.<br/>El estudio del poema lleva a Octavio Paz a inclinarse sobre un nuevo problema: ¿En qué consiste la creación poética, esto es, la creación de poemas? En la segunda parte de su libro, Paz examina las diferencias y semejanzas entre la experiencia poética y la religiosa, dedica un capítulo al espinoso problema de la "inspiración" y concluye afirmando que la experiencia poética es irreductible a cualquiera otra.<br/>Tras estudiar el "decir poético" y su significación, el autor se plantea un nuevo problema: ¿cómo se comunica este decir poético? Paz afirma que el poema es de naturaleza histórica; pero esta manera de ser histórica es paradójica, pues si bien el poema constituye un producto social, expresión de una época determinada, también es una condición previa a la existencia de toda sociedad.<br/>La poesía consagra el instante y convierte el transcurrir histórico en arquetipo. A continuación, Paz examina algunos ejemplos de "consagración" de la historia por la poesía: el teatro griego -cuyo tema central es el "sacrilegio"-, la novela y la poesía lírica de la edad moderna. Particular importancia dentro de las ideas del autor reviste esta última, pues constituye "una tentativa del verbo por encarnar en la vida". Luego de analizar la aventura de la poesía moderna y las causas de su fracaso histórico, Octavio Paz ofrece su idea sobre la función de la poesía en nuestra época. |
| 650 12 - PUNTO DE ACCESO ADICIONAL DE MATERIA--TÉRMINO DE MATERIA |
| 9 (RLIN) |
133612 |
| Término de materia o nombre geográfico como elemento de entrada |
Literatura mexicana |
| Subdivisión cronológica |
Siglo XX |
| 650 17 - PUNTO DE ACCESO ADICIONAL DE MATERIA--TÉRMINO DE MATERIA |
| 9 (RLIN) |
37078 |
| Término de materia o nombre geográfico como elemento de entrada |
Ensayos mexicanos |
| 650 17 - PUNTO DE ACCESO ADICIONAL DE MATERIA--TÉRMINO DE MATERIA |
| 9 (RLIN) |
90141 |
| Término de materia o nombre geográfico como elemento de entrada |
Poesía |
| 650 13 - PUNTO DE ACCESO ADICIONAL DE MATERIA--TÉRMINO DE MATERIA |
| 9 (RLIN) |
153762 |
| Término de materia o nombre geográfico como elemento de entrada |
Mexican literature |
| Subdivisión general |
|
| Subdivisión cronológica |
20th. century |
| 650 10 - PUNTO DE ACCESO ADICIONAL DE MATERIA--TÉRMINO DE MATERIA |
| 9 (RLIN) |
153132 |
| Término de materia o nombre geográfico como elemento de entrada |
Essay |
| 650 10 - PUNTO DE ACCESO ADICIONAL DE MATERIA--TÉRMINO DE MATERIA |
| 9 (RLIN) |
186760 |
| Término de materia o nombre geográfico como elemento de entrada |
Poetry |
| 830 ## - PUNTO DE ACCESO ADICIONAL DE SERIE-TÍTULO UNIFORME |
| 9 (RLIN) |
65982 |
| Título uniforme |
Lengua y estudios literarios (FCE) |
| 942 ## - ELEMENTOS DE PUNTO DE ACCESO ADICIONAL (KOHA) |
| Fuente del sistema de clasificación o colocación |
Dewey Decimal Classification |
| Tipo de ítem Koha |
|